How to write a love letter that works : the whens, whys and hows a expressing terms of endarment

Bibliographic Details
Main Author: Bernstein, Sidney
Other Authors: Tarleton, Linda
Format: Book
Published: Kuala Lumpur : Golden Books , 1992
Subjects:

MARC

LEADER 00000cam a2200000 7i4500
001 0000003850
002 000004149
005 20000330.0
020 |a 9837206022 
090 0 0 |a 808.6   |b BER 
100 1 |a Bernstein, Sidney 
245 1 0 |a How to write a love letter that works :   |b the whens, whys and hows a expressing terms of endarment   |c Sidney Bernstein & Linda Tarleton 
260 |a Kuala Lumpur :   |b Golden Books ,   |c 1992 
300 |a 343p. ;   |c 23cm. 
650 0 0 |a Love letters 
700 1 |a Tarleton, Linda 
999 |a 037044   |b BUKU   |c PINJAMAN   |e PERPUSTAKAAN KOMUNITI PETALING JAYA